000 01131nam a2200301 i 4500
001 bg
003 KOSZ 005
005 20200630132821.0
008 080530s1961 pl f f 000 0 pol
015 _aPB 1961/4631
040 _aWA N
_cKOSZ 005
080 _a514.18
080 _a(075.8+076)
100 1 _aRachwał, Tadeusz
_d(1914-1992)
_eAutor
245 1 0 _aĆwiczenia z geometrii wykreślnej.
_nT. 2,
_pZagadnienia związane z wielościanami : tekst /
_cTadeusz Rachwał, Stefania Dwuraźna.
246 3 0 _aZagadnienia związane z wielościanami.
260 _aKraków ;
_aWarszawa :
_bPaństwowe Wydawnictwo Naukowe,
_c1961.
300 _a64 s. ;
_c24 cm.
500 _aPowiel.
521 8 _aSkrypt dla studentów wyższych szkół technicznych.
650 4 _aWielościan.
655 4 _aĆwiczenia i zadania dla szkół wyższych
650 4 _aGeometria wykreślna
700 1 _aDwuraźna, Stefania.
710 2 _aPaństwowe Wydawnictwo Naukowe
_4pbl.
856 _uhttp://koha.tu.koszalin.pl/cgi-bin/koha/opac-detail.pl?biblionumber=10917
_yKatalog online BPK
942 _2UKD
_cKS
999 _c10917
_d10917